Подробности
| 000 -МАРКЕР |
| контрольное поле |
01778nam0a2200397 4500 |
| 001 - ИДЕНТИФИКАТОР ЗАПИСИ |
| контрольное поле |
RU\NLR\bibl\53260 |
| 005 - ИДЕНТИФИКАТОР ВЕРСИИ |
| контрольное поле |
20260409073214.0 |
| 010 ## - МЕЖДУНАРОДНЫЙ СТАНДАРТНЫЙ НОМЕР КНИГИ (ISBN) |
| Номер (ISBN) |
5-933-86-002-6 |
| Тираж |
1000 |
| 035 ## - ДРУГИЕ СИСТЕМНЫЕ НОМЕРА |
| Идентификатор записи |
(NLR Aleph) 000051964 |
| 100 ## - ДАННЫЕ ОБЩЕЙ ОБРАБОТКИ |
| Данные общей обработки |
19991018d1999 u y0rusy50 ca |
| 101 0# - ЯЗЫК РЕСУРСА |
| Язык текста, звукозаписи и т.д. |
русский |
| -- |
немецкий |
| 102 ## - СТРАНА ПУБЛИКАЦИИ ИЛИ ПРОИЗВОДСТВА |
| Страна публикации |
российская федерация |
| 105 ## - ПОЛЕ КОДИРОВАННЫХ ДАННЫХ: ТЕКСТОВЫЕ МАТЕРИАЛЫ, МОНОГРАФИЧЕСКИЕ |
| Кодированные данные о монографическом текстовом документе |
y ||||||||| |
| 200 1# - ЗАГЛАВИЕ И СВЕДЕНИЯ ОБ ОТВЕТСТВЕННОСТИ |
| Основное заглавие |
Немецко-русский словарь по вычислительной технике |
| Параллельное заглавие |
Deutsch-russisches Wörterbuch der Rechentechnik und Datenverarbeitung |
| Сведения, относящиеся к заглавию |
[Более 30000 терминов] |
| Первые сведения об ответственности |
Б.И. Зайчик, И.В. Фаградянц, В.А. Шаров |
| Язык параллельного заглавия |
английский |
| 210 ## - ПУБЛИКАЦИЯ, РАСПРОСТРАНЕНИЕ И ДР. |
| Место издания, распространения и т.д. |
М. |
| Имя издателя, распространителя и т. д. |
ЭТС |
| Дата издания, распространения и т.д. |
1999 |
| 215 ## - ФИЗИЧЕСКАЯ ХАРАКТЕРИСТИКА |
| Специфическое обозначение материала и объем |
464 с. |
| Размеры |
22 |
| 300 ## - ОБЩИЕ ПРИМЕЧАНИЯ |
| Текст примечания |
Авт. также на нем. яз.: B.I. Zaitschik, I.V. Fagradiants, W.A. Scharov |
| 510 0# - ПАРАЛЛЕЛЬНОЕ ЗАГЛАВИЕ |
| Параллельное заглавие |
Deutsch-russisches Wörterbuch der Rechentechnik und Datenverarbeitung |
| Язык заглавия |
немецкий |
| 606 0# - НАИМЕНОВАНИЕ ТЕМЫ КАК ПРЕДМЕТ |
| Наименование темы |
Немецкий язык |
| Тематический подзаголовок |
Терминология вычислительной техники |
| -- |
Словари |
| -- |
Русский язык |
| Системный номер авторитетной/нормативной записи |
1740394 |
| Идентификатор авторитетной/нормативной записи |
RU\NLR\auth\66778734 |
| 606 0# - НАИМЕНОВАНИЕ ТЕМЫ КАК ПРЕДМЕТ |
| Наименование темы |
Компьютеры |
| Формальный подзаголовок |
Словари |
| Системный номер авторитетной/нормативной записи |
2078411 |
| Идентификатор авторитетной/нормативной записи |
RU\NLR\auth\661254265 |
| 606 ## - НАИМЕНОВАНИЕ ТЕМЫ КАК ПРЕДМЕТ |
| Наименование темы |
Программирование (компьют.) |
| Формальный подзаголовок |
Словари |
| Идентификатор авторитетной/нормативной записи |
RU\NLR\auth\661257252 |
| Системный номер авторитетной/нормативной записи |
2081275 |
| 686 ## - ИНДЕКСЫ ДРУГИХ КЛАССИФИКАЦИЙ |
| Индекс |
Ш143.24-434.1 |
| 686 ## - ИНДЕКСЫ ДРУГИХ КЛАССИФИКАЦИЙ |
| Индекс |
Ш141.12-434.2 |
| 686 ## - ИНДЕКСЫ ДРУГИХ КЛАССИФИКАЦИЙ |
| Индекс |
З97я21 |
| 700 #1 - ИМЯ ЛИЦА - ПЕРВИЧНАЯ ОТВЕТСТВЕННОСТЬ |
| Начальный элемент ввода |
Зайчик |
| Часть имени, кроме начального элемента ввода |
Б. И. |
| Код отношения |
Автор |
| 701 #1 - ИМЯ ЛИЦА - АЛЬТЕРНАТИВНАЯ ОТВЕТСТВЕННОСТЬ |
| Код отношения |
Автор |
| Материалы, к которым относится поле |
rus |
| Графика поля |
Кириллица |
| Начальный элемент ввода |
Фаградянц |
| Часть имени, кроме начального элемента ввода |
И.В. |
| Расширение инициалов личного имени |
Игорь Владимирович |
| Идентификатор авторитетной/нормативной записи |
RU\NLR\auth\7718531 |
| Системный номер авторитетной/нормативной записи |
1608 |
| 701 #1 - ИМЯ ЛИЦА - АЛЬТЕРНАТИВНАЯ ОТВЕТСТВЕННОСТЬ |
| Начальный элемент ввода |
Шаров |
| Часть имени, кроме начального элемента ввода |
В. А. |
| Код отношения |
Автор |
| 801 #0 - ИСТОЧНИК ЗАПИСИ |
| Страна |
российская федерация |
| Организация |
NLR |
| Дата составления |
19991018 |
| Правила каталогизации |
PSBO |
| 801 #1 - ИСТОЧНИК ЗАПИСИ |
| Страна |
российская федерация |
| Организация |
NLR |
| Дата составления |
19991018 |
| 852 ## - МЕСТОНАХОЖДЕНИЕ И ШИФР ХРАНЕНИЯ |
| Идентификатор организации |
NLR |
| Шифр хранения (Call Number) |
С К-2/7748 |
| 942 ## - ДОПОЛНИТЕЛЬНЫЕ ЭЛЕМЕНТЫ ЗАПИСИ (АБИС) |
| Тип экземпляра АБИС |
Книга |
| 980 ## - КОЛЛЕКЦИЯ |
| Название коллекции |
Национальная библиография |